Business briefing (Record no. 107729)
[ view plain ]
| 000 -LEADER | |
|---|---|
| fixed length control field | 01414cad a22002295a 4500 |
| 001 - CONTROL NUMBER | |
| control field | L141659 |
| 008 - FIXED-LENGTH DATA ELEMENTS--GENERAL INFORMATION | |
| fixed length control field | 071211s2007 xxkad f s 000 0 eng d |
| 035 ## - SYSTEM CONTROL NUMBER | |
| System control number | (Sirsi) u141659 |
| 041 0# - LANGUAGE CODE | |
| Language code of text/sound track or separate title | eng |
| 050 04 - LIBRARY OF CONGRESS CALL NUMBER | |
| Classification number | 346.043463 $2 18 |
| 110 2# - MAIN ENTRY--CORPORATE NAME | |
| Corporate name or jurisdiction name as entry element | Cushman and Wakefield |
| 9 (RLIN) | 244 |
| 245 00 - TITLE STATEMENT | |
| Title | Business briefing |
| Medium | [electronic resource] |
| 260 ## - PUBLICATION, DISTRIBUTION, ETC. | |
| Place of publication, distribution, etc. | London |
| Name of publisher, distributor, etc. | Cushman and Wakefield |
| Date of publication, distribution, etc. | 2007 |
| 490 #0 - SERIES STATEMENT | |
| Series statement | Business Briefing |
| Volume/sequential designation | Landlord and Tenant Survey |
| 520 ## - SUMMARY, ETC. | |
| Summary, etc. | Summarises the findings of a European survey of 800 senior executives in large companies. Finds that landlords understood the importance of location and good quality buildings. However, landlords did not appreciate building design and the impact of the shift to more efficient use of space on tenants (who need less space as a result). Finds landlords and tenants agree that the sustainable development and environmental issues are of increasing importance. Suggests flexibility of leases is an area where landlords could levy a premium. Concludes that there are still differences between landlord and tenant needs across Europe. |
| 590 ## - LOCAL NOTE (RLIN) | |
| Local note | KA |
| 650 24 - SUBJECT ADDED ENTRY--TOPICAL TERM | |
| Topical term or geographic name entry element | BUSINESS BRIEFING |
| 651 #4 - SUBJECT ADDED ENTRY--GEOGRAPHIC NAME | |
| Geographic name | Europe |
| 690 ## - LOCAL SUBJECT ADDED ENTRY--TOPICAL TERM (OCLC, RLIN) | |
| Topical term or geographic name as entry element | PROPERTY-COMMERCIAL PROPERTY-COMMERCIAL LANDLORD AND TENANT-COMMERCIAL LEASES |
| 856 40 - ELECTRONIC LOCATION AND ACCESS | |
| Uniform Resource Identifier | <a href="https://www.cushmanwakefield.com/">https://www.cushmanwakefield.com/</a> |
| Public note | View this report free of charge under research after registration at www.cushmanwakefield.com/... |
| 942 ## - ADDED ENTRY ELEMENTS (KOHA) | |
| Suppress in OPAC | 0 |
| Withdrawn status | Lost status | Source of classification or shelving scheme | Damaged status | Not for loan | Home library | Current library | Shelving location | Date acquired | Total Checkouts | Full call number | Barcode | Date last seen | Copy number | Price effective from | Koha item type |
|---|---|---|---|---|---|---|---|---|---|---|---|---|---|---|---|
| Dewey Decimal Classification | Virtual | Virtual | Online | 11/12/2007 | ONLINE PUBLICATION | 141659-1001 | 06/08/2019 | 1 | 06/08/2019 | Book |